| 000 | 01056ntaaa2200313 4500 | ||
|---|---|---|---|
| 003 | 01 | ||
| 005 | 20251027203231.0 | ||
| 008 | 0714s1973 ag 01 | ||
| 040 |
_aAR-BaBN _bspa _cAR-BaBN _eaacr _dRIC |
||
| 082 | _a303.38 Y8 | ||
| 245 |
_aLa opinión pública y la propaganda / _cK. Young |
||
| 260 |
_aBuenos Aires : _bPaidós, _c[1967] |
||
| 300 | _a242 p | ||
| 490 |
_aBiblioteca del hombre contemporáneo ; _v190 |
||
| 505 |
_tOpinión pública / _rK. Young |
||
| 505 |
_tLa opinión pública / _rW. J. H. Sprott |
||
| 505 |
_tSurgimiento y crisis de la noción de opinión pública / _rG. Germani |
||
| 505 |
_tLos medios de formación de la opinión / _rK. Young |
||
| 505 |
_tLa propaganda / _rK. Young |
||
| 650 |
_aCOMPORTAMIENTO SOCIAL _934660 |
||
| 650 |
_aCOMUNICACION SOCIAL _911764 |
||
| 650 |
_aCOMUNICACION AUDIOVISUAL _934661 |
||
| 650 |
_aPROPAGANDA POLITICA _934662 |
||
| 650 |
_aOPINION PUBLICA _934663 |
||
| 650 |
_aSOCIEDAD CONTEMPORANEA _921871 |
||
| 659 | _aSOCIEDAD Y CULTURA | ||
| 700 |
_aYoung, K _934664 |
||
| 942 | _cBK | ||
| 999 |
_c27798 _d27798 |
||